|
|
|
|
| LEADER |
00000nam0a2200000 4500 |
| 001 |
71305 |
| 005 |
20231101212555.0 |
| 010 |
|
|
|a 5482004619
|
| 035 |
|
|
|a (RuTPU)RU\TPU\book\75911
|
| 090 |
|
|
|a 71305
|
| 100 |
|
|
|a 20041214d2006 m y0rusy50 ca
|
| 101 |
0 |
|
|a rus
|
| 102 |
|
|
|a RU
|
| 105 |
|
|
|a y j 000zd
|
| 200 |
1 |
|
|a Хрестоматия по западной философии
|e учебное пособие
|f сост. Н. И. Фокина
|
| 210 |
|
|
|a Москва
|c Проспект
|d 2006
|
| 215 |
|
|
|a 544 с.
|
| 330 |
|
|
|a В хрестоматии тематически подобраны фрагменты философских текстов. Кроме извлечений из произведений, в хрестоматии дан краткий анализ существенных сторон философских направлений, приложены биографические данные и обзор творческого пути мыслителей. Для аспирантов и студентов вузов, изучающих философию, а также всех интересующихся философской проблематикой.
|
| 464 |
|
|
|a Хабермас, Юрген
|
| 600 |
|
1 |
|a Рассел
|g Бертран
|b Б.
|c английский философ
|c логик
|c математик
|c общественный деятель
|f 1872-1970
|2 stltpui
|3 (RuTPU)RU\TPU\pers\1589
|
| 600 |
|
1 |
|a Поппер
|g Карл Раймунд
|b К. Р.
|c британский философ австрийского происхождения
|c логик
|c социолог
|f 1902-1994
|2 stltpui
|3 (RuTPU)RU\TPU\pers\227
|
| 600 |
|
1 |
|a Кун
|b Т.
|f 1922-1996
|g Томас
|c американский философ
|c историк науки
|2 stltpush
|3 (RuTPU)RU\TPU\pers\5949
|
| 600 |
|
1 |
|a Джеймс (Джемс)
|b У.
|g Уильям
|c американский философ
|c психолог
|f 1842-1910
|2 stltpush
|3 (RuTPU)RU\TPU\pers\12202
|
| 600 |
|
1 |
|a Дьюи
|g Джон
|c американский философ
|f 1859-1952
|b Д.
|2 stltpui
|3 (RuTPU)RU\TPU\pers\207
|
| 600 |
|
1 |
|a Шопенгауэр
|g Артур
|b А.
|c немецкий философ
|f 1788-1860
|2 stltpui
|3 (RuTPU)RU\TPU\pers\470
|
| 600 |
|
1 |
|a Ницше
|g Фридрих
|f 1844-1900
|c немецкий философ
|b Ф.
|2 stltpui
|3 (RuTPU)RU\TPU\pers\341
|
| 600 |
|
1 |
|a Бергсон
|b А.
|c французский писатель
|c философ
|f 1859-1941
|g Анри
|2 stltpush
|3 (RuTPU)RU\TPU\pers\9648
|9 1920
|
| 600 |
|
1 |
|a Фрейд
|g Зигмунд
|b З.
|f 1856-1939
|c австрийский врач-психиатр
|c психолог
|c основатель психоанализа
|2 stltpui
|3 (RuTPU)RU\TPU\pers\479
|
| 600 |
|
1 |
|a Юнг
|g Карл Густав
|b К. Г.
|f 1875-1961
|c швейцарский психолог
|c философ
|2 stltpui
|3 (RuTPU)RU\TPU\pers\987
|
| 600 |
|
1 |
|a Фромм
|g Эрих
|b Э.
|c немецко-американский философ
|c психолог
|c социолог
|f 1900-1980
|2 stltpui
|3 (RuTPU)RU\TPU\pers\515
|
| 600 |
|
1 |
|a Хайдеггер
|b М.
|c немецкий философ
|f 1889-1976
|g Мартин
|c один из основоположников экзистенциализма
|2 stltpui
|3 (RuTPU)RU\TPU\pers\486
|
| 600 |
|
1 |
|a Ясперс
|b К.
|c немецкий философ
|f 1883-1969
|g Карл
|c психиатр
|c представитель религиозного экзистенциализма
|2 stltpui
|3 (RuTPU)RU\TPU\pers\545
|
| 600 |
|
1 |
|a Сартр
|g Жан Поль
|b Ж. П.
|c французский писатель
|c философ
|c публицист
|f 1905-1980
|2 stltpui
|3 (RuTPU)RU\TPU\pers\1274
|
| 600 |
|
1 |
|a Камю
|g Альбер
|c французский писатель
|c философ-экзистенциалист
|f 1913-1960
|b А.
|2 stltpui
|3 (RuTPU)RU\TPU\pers\1275
|
| 600 |
|
1 |
|a Гадамер
|b Х. Г.
|c немецкий философ
|f 1900-2002
|g Ханс Георг
|2 stltpush
|3 (RuTPU)RU\TPU\pers\9602
|9 1909
|
| 600 |
|
1 |
|a Рикёр
|b П.
|c французский философ
|f 1913-2005
|g Поль
|2 stltpush
|3 (RuTPU)RU\TPU\pers\14334
|9 4727
|
| 600 |
|
1 |
|a Хабермас
|b Ю.
|c немецкий философ, социолог
|f 1929-
|g Юрген
|2 stltpui
|3 (RuTPU)RU\TPU\pers\1399
|9 620
|
| 600 |
|
1 |
|a Конт
|g Огюст
|b О.
|c французский философ
|f 1798-1857
|2 stltpui
|3 (RuTPU)RU\TPU\pers\234
|
| 600 |
|
1 |
|a Фейерабенд
|b П. К.
|c американский философ
|f 1924-1994
|g Пауль (Пол) Карл
|2 stltpush
|3 (RuTPU)RU\TPU\pers\14336
|9 4729
|
| 610 |
1 |
|
|a западная философия
|
| 610 |
1 |
|
|a позитивизм
|
| 610 |
1 |
|
|a прогматизм
|
| 610 |
1 |
|
|a иррационализм
|
| 610 |
1 |
|
|a жизнь
|
| 610 |
1 |
|
|a фрейдизм
|
| 610 |
1 |
|
|a экзистенциализм
|
| 610 |
1 |
|
|a хрестоматии
|
| 610 |
1 |
|
|a учебные пособия
|
| 610 |
1 |
|
|a персоналии
|
| 610 |
1 |
|
|a философы
|
| 610 |
1 |
|
|a 19 век
|
| 610 |
1 |
|
|a 20 век
|
| 610 |
1 |
|
|a неофрейдизм
|
| 610 |
1 |
|
|a философская герменевтика
|
| 686 |
|
|
|a Ю3(4)я73
|v LBC/SL-A
|2 rubbk
|
| 702 |
|
1 |
|a Фокина
|b Н. И.
|g Наталья Ивановна
|4 220
|
| 801 |
|
1 |
|a RU
|b 63413507
|c 20041214
|g PSBO
|
| 801 |
|
2 |
|a RU
|b 63413507
|c 20150615
|g PSBO
|
| 900 |
|
|
|a Философия
|
| 942 |
|
|
|c BK
|
| 951 |
|
|
|b 030101
|
| 959 |
|
|
|a 18/20060226
|d 1
|e 158,84
|f ОГЛ:1
|